000 00918 a2200193 4500
001 29957
005 20260407155610.0
008 260407a1979 arg spa d
003 AR-UNSa-BCEJYS
040 _aAR-UNSa-BCEJYS
_bspa
_cAR-UNSa-BCEJYS
080 _a657.47
_xContabilidad de Costos
245 1 0 _aManual de costos y precios para la exportación
264 1 _aBuenos Aires :
_bCangallo
_c1979
300 _a422 p.
_c23 cm.
505 _aParte I - 1. Introducción - 2. Cálculo de costos y precios - 3. Análisis de los rubros de la planilla de cálculo - 4. Cálculo del ajuste compensador - 5. Casos prácticos para el cálculo de costos y precios - Parte II Importación - 1. Cálculo del costo - 2. Análisis de los rubros de la planilla de cálculo - 3. Parte III Papeles de trabajo y normas complementarias -
942 _cBK
590 _aniveau_biblio:m niveau_hierar:0
100 1 _aFratalocchi, Aldo
999 _c1990
_d1990